<?xml version="1.0" encoding="UTF-8"?>
<record
    xmlns:xsi="http://www.w3.org/2001/XMLSchema-instance"
    xsi:schemaLocation="http://www.loc.gov/MARC21/slim http://www.loc.gov/standards/marcxml/schema/MARC21slim.xsd"
    xmlns="http://www.loc.gov/MARC21/slim">

  <leader>02277njm a2200433Ia 4500</leader>
  <controlfield tag="001">72448</controlfield>
  <controlfield tag="003">IT-RoPAU</controlfield>
  <controlfield tag="005">20220918181151.0</controlfield>
  <controlfield tag="008">131025s9999    xx            000 0 und d</controlfield>
  <datafield tag="040" ind1=" " ind2=" ">
    <subfield code="a">IT-RoPAU</subfield>
  </datafield>
  <datafield tag="040" ind1=" " ind2=" ">
    <subfield code="c">IT-RoPAU</subfield>
  </datafield>
  <datafield tag="041" ind1=" " ind2=" ">
    <subfield code="a">POLACCO</subfield>
  </datafield>
  <datafield tag="999" ind1=" " ind2=" ">
    <subfield code="c">102087</subfield>
    <subfield code="d">102087</subfield>
  </datafield>
  <datafield tag="999" ind1=" " ind2=" ">
    <subfield code="b">n.d.</subfield>
  </datafield>
  <datafield tag="100" ind1=" " ind2=" ">
    <subfield code="a">Smietana Jaroslaw</subfield>
    <subfield code="9">24483</subfield>
  </datafield>
  <datafield tag="100" ind1=" " ind2=" ">
    <subfield code="e">Autore musica</subfield>
    <subfield code="9">24484</subfield>
  </datafield>
  <datafield tag="100" ind1=" " ind2=" ">
    <subfield code="g">Codice autore musica SPICS: 25117</subfield>
    <subfield code="9">24485</subfield>
  </datafield>
  <datafield tag="245" ind1=" " ind2=" ">
    <subfield code="a">From One To Four (Lp Psj 191)</subfield>
  </datafield>
  <datafield tag="250" ind1=" " ind2=" ">
    <subfield code="a">1a ed.</subfield>
  </datafield>
  <datafield tag="260" ind1=" " ind2=" ">
    <subfield code="a">POLONIA</subfield>
  </datafield>
  <datafield tag="260" ind1=" " ind2=" ">
    <subfield code="b">POLJAZZ</subfield>
    <subfield code="c">1986 [1a Ed.:1986 - Ed. Lingua Orig.: 1986]</subfield>
  </datafield>
  <datafield tag="300" ind1=" " ind2=" ">
    <subfield code="a">DISCO</subfield>
  </datafield>
  <datafield tag="300" ind1=" " ind2=" ">
    <subfield code="c">40 minuti (Testo: 0 pag.)</subfield>
  </datafield>
  <datafield tag="500" ind1=" " ind2=" ">
    <subfield code="a">Musica jazz polacca.</subfield>
  </datafield>
  <datafield tag="505" ind1=" " ind2=" ">
    <subfield code="a">Crazy Folk Song - Two Coloured Girl - Slow Taste - Ornithology (4:00) - Relaxing At Camarillo (4:00) - Tangerine (5:00) - Scandynavian Song (5:00) - Body &amp; Soul (3:00) - Conno (4:00) - Bluessette (3:00) - My One &amp; Only Love (3:00)</subfield>
  </datafield>
  <datafield tag="650" ind1=" " ind2=" ">
    <subfield code="a">JAZZ [DISCHI]</subfield>
    <subfield code="e">Codice MATERIA SPICS: 9950</subfield>
    <subfield code="9">24486</subfield>
  </datafield>
  <datafield tag="700" ind1=" " ind2=" ">
    <subfield code="a">Smietana Jaroslaw</subfield>
    <subfield code="e">Autore testo e musica</subfield>
    <subfield code="g">Codice autore testo/musica SPICS: 25117</subfield>
    <subfield code="9">24487</subfield>
    <subfield code="p">My One &amp; Only Love</subfield>
  </datafield>
  <datafield tag="700" ind1=" " ind2=" ">
    <subfield code="a">Smietana Jaroslaw</subfield>
    <subfield code="g">Codice interprete SPICS: 25117</subfield>
    <subfield code="e">Interprete</subfield>
    <subfield code="9">24488</subfield>
  </datafield>
  <datafield tag="700" ind1=" " ind2=" ">
    <subfield code="a">Parker Charlie (B.)</subfield>
    <subfield code="g">Codice autore testo/musica SPICS: 10799</subfield>
    <subfield code="e">Autore testo/musica</subfield>
    <subfield code="p">Ornithology - Relaxing At Camarillo</subfield>
    <subfield code="9">24489</subfield>
  </datafield>
  <datafield tag="700" ind1=" " ind2=" ">
    <subfield code="a">Mercer Johnny</subfield>
    <subfield code="g">Codice autore musica SPICS: 18100</subfield>
    <subfield code="e">Autore musica</subfield>
    <subfield code="p">Tangerine</subfield>
    <subfield code="9">24490</subfield>
  </datafield>
  <datafield tag="700" ind1=" " ind2=" ">
    <subfield code="a">Styne</subfield>
    <subfield code="g">Codice autore testo/musica SPICS: 22822</subfield>
    <subfield code="e">Autore testo/musica</subfield>
    <subfield code="p">Tangerine</subfield>
    <subfield code="9">24491</subfield>
  </datafield>
  <datafield tag="700" ind1=" " ind2=" ">
    <subfield code="a">Pelc Jerzy</subfield>
    <subfield code="g">Codice autore musica SPICS:  3720</subfield>
    <subfield code="e">Autore musica</subfield>
    <subfield code="p">Scandynavian Song</subfield>
    <subfield code="9">24492</subfield>
  </datafield>
  <datafield tag="700" ind1=" " ind2=" ">
    <subfield code="a">Sour R.</subfield>
    <subfield code="g">Codice autore musica SPICS: 20664</subfield>
    <subfield code="e">Autore musica</subfield>
    <subfield code="p">Body &amp; Soul</subfield>
    <subfield code="9">24493</subfield>
  </datafield>
  <datafield tag="700" ind1=" " ind2=" ">
    <subfield code="a">Eyton F.</subfield>
    <subfield code="g">Codice autore SPICS: 20329</subfield>
    <subfield code="e">Autore</subfield>
    <subfield code="p">Body &amp; Soul</subfield>
    <subfield code="9">24494</subfield>
  </datafield>
  <datafield tag="700" ind1=" " ind2=" ">
    <subfield code="a">Green Bernie</subfield>
    <subfield code="g">Codice autore testo/musica SPICS: 15839</subfield>
    <subfield code="e">Autore testo/musica</subfield>
    <subfield code="p">Body &amp; Soul</subfield>
    <subfield code="9">24495</subfield>
  </datafield>
  <datafield tag="700" ind1=" " ind2=" ">
    <subfield code="a">Scieranski Krzysztof</subfield>
    <subfield code="g">Codice autore musica SPICS: 25120</subfield>
    <subfield code="e">Autore musica</subfield>
    <subfield code="p">Conno</subfield>
    <subfield code="9">24496</subfield>
  </datafield>
  <datafield tag="700" ind1=" " ind2=" ">
    <subfield code="a">Thielemans Toots</subfield>
    <subfield code="g">Codice autore testo/musica SPICS: 18109</subfield>
    <subfield code="e">Autore testo/musica</subfield>
    <subfield code="p">Bluessette</subfield>
    <subfield code="9">24497</subfield>
  </datafield>
  <datafield tag="700" ind1=" " ind2=" ">
    <subfield code="a">Wood Guy</subfield>
    <subfield code="g">Codice autore testo/musica SPICS: 25119</subfield>
    <subfield code="e">Autore testo/musica</subfield>
    <subfield code="p">My One &amp; Only Love</subfield>
    <subfield code="9">24498</subfield>
  </datafield>
  <datafield tag="942" ind1=" " ind2=" ">
    <subfield code="c">MD</subfield>
    <subfield code="2">ddc</subfield>
  </datafield>
  <datafield tag="952" ind1=" " ind2=" ">
    <subfield code="0">0</subfield>
    <subfield code="1">0</subfield>
    <subfield code="4">0</subfield>
    <subfield code="6">72448_000000000000000</subfield>
    <subfield code="7">1</subfield>
    <subfield code="a">SPICS</subfield>
    <subfield code="b">SPICS</subfield>
    <subfield code="d">2013-10-25</subfield>
    <subfield code="l">0</subfield>
    <subfield code="o">72448</subfield>
    <subfield code="r">2013-10-25 00:00:00</subfield>
    <subfield code="w">2013-10-25</subfield>
    <subfield code="y">MD</subfield>
    <subfield code="z">Progr. Ins.: 17330 / N.Vol.: 1 / Copie: 1 - Copia rara: n.d. / date import: 01.01.2014 - By Epidotti, Trombetti, Vaglietti</subfield>
  </datafield>
</record>
